000 00515nam a2200217Ia 4500
003 AR-RoIUNI
005 20190302095406.0
008 150630s9999 xx 000 0 und d
040 _dOCLC
_cIUNIR
080 _a616-089 ERI
100 1 _aEriksson, Ejnar
245 1 _aManual ilustrado de anestesia local
260 _as.l.-
260 _bAstra.-
260 _c1969.-
300 _a153 p.
300 _c25 cm.
500 _aBibliografía,índice temático.-
650 1 4 _aAnestesia
942 _cBK
_2cdu
_n1
999 _c2402
_d2402